<?xml version="1.0" encoding="UTF-8"?>
<record
    xmlns:xsi="http://www.w3.org/2001/XMLSchema-instance"
    xsi:schemaLocation="http://www.loc.gov/MARC21/slim http://www.loc.gov/standards/marcxml/schema/MARC21slim.xsd"
    xmlns="http://www.loc.gov/MARC21/slim">

  <leader>01478nam a22002897a 4500</leader>
  <controlfield tag="005">20231129100540.0</controlfield>
  <controlfield tag="008">231109b           ||||| |||| 00| 0 eng d</controlfield>
  <datafield tag="020" ind1=" " ind2=" ">
    <subfield code="a">9780199593972</subfield>
  </datafield>
  <datafield tag="040" ind1=" " ind2=" ">
    <subfield code="a">WIUC - GH</subfield>
    <subfield code="c">WIUC - GH</subfield>
  </datafield>
  <datafield tag="050" ind1=" " ind2=" ">
    <subfield code="a">RC76.O98</subfield>
  </datafield>
  <datafield tag="245" ind1=" " ind2=" ">
    <subfield code="a">Oxford handbook of clinical examination and practical skills. / </subfield>
    <subfield code="c">edited by James D. Thomas and Tanya M. Monaghan</subfield>
  </datafield>
  <datafield tag="246" ind1=" " ind2=" ">
    <subfield code="a">Clinical examination and practical skills</subfield>
  </datafield>
  <datafield tag="250" ind1=" " ind2=" ">
    <subfield code="a">2nd ed.</subfield>
  </datafield>
  <datafield tag="260" ind1=" " ind2=" ">
    <subfield code="a">Oxford, U. K. :</subfield>
    <subfield code="b">Oxford University Press,</subfield>
    <subfield code="c">2014.</subfield>
  </datafield>
  <datafield tag="300" ind1=" " ind2=" ">
    <subfield code="a">xvii, 754 p. :</subfield>
    <subfield code="b">ill., coll</subfield>
  </datafield>
  <datafield tag="490" ind1=" " ind2=" ">
    <subfield code="a">Oxford handbooks</subfield>
  </datafield>
  <datafield tag="500" ind1=" " ind2=" ">
    <subfield code="a">Includes bibliographical references and index</subfield>
  </datafield>
  <datafield tag="505" ind1=" " ind2=" ">
    <subfield code="a">Contents: Communication skills -- The history -- General and endocrine examination -- Skin, hair, and nails -- The cardiovascular system -- The respiratory system -- The abdomen -- The nervous system -- The eyes -- The locomotor system -- The ear, nose, and throat -- The male reproductive system -- The female reproductive system -- The obstetric assessment -- The breast -- The psychiatric assessment -- The paediatric assessment -- Practical procedures -- Clinical data interpretation -- Other investigations</subfield>
  </datafield>
  <datafield tag="650" ind1=" " ind2=" ">
    <subfield code="a">History taking</subfield>
    <subfield code="9">2766</subfield>
  </datafield>
  <datafield tag="650" ind1=" " ind2=" ">
    <subfield code="a">Physical examination</subfield>
    <subfield code="9">2623</subfield>
  </datafield>
  <datafield tag="650" ind1=" " ind2=" ">
    <subfield code="a">Practical procedures</subfield>
    <subfield code="9">2767</subfield>
  </datafield>
  <datafield tag="650" ind1=" " ind2=" ">
    <subfield code="a">Data interpretation</subfield>
    <subfield code="9">2768</subfield>
  </datafield>
  <datafield tag="650" ind1=" " ind2=" ">
    <subfield code="a">Communication skills</subfield>
    <subfield code="9">2769</subfield>
  </datafield>
  <datafield tag="700" ind1=" " ind2=" ">
    <subfield code="a">Thomas, James</subfield>
    <subfield code="9">2852</subfield>
  </datafield>
  <datafield tag="700" ind1=" " ind2=" ">
    <subfield code="a">Monaghan, Tanya</subfield>
    <subfield code="9">2770</subfield>
  </datafield>
  <datafield tag="942" ind1=" " ind2=" ">
    <subfield code="2">lcc</subfield>
    <subfield code="c">BK</subfield>
  </datafield>
  <datafield tag="999" ind1=" " ind2=" ">
    <subfield code="c">10199</subfield>
    <subfield code="d">17699</subfield>
  </datafield>
  <datafield tag="952" ind1=" " ind2=" ">
    <subfield code="0">0</subfield>
    <subfield code="1">0</subfield>
    <subfield code="2">lcc</subfield>
    <subfield code="4">0</subfield>
    <subfield code="7">0</subfield>
    <subfield code="a">WIUC-KL</subfield>
    <subfield code="b">WIUC-KL</subfield>
    <subfield code="c">NURS L.</subfield>
    <subfield code="d">2019-11-27</subfield>
    <subfield code="o">RC76.O98(2e)</subfield>
    <subfield code="p">KSN/818/818/19</subfield>
    <subfield code="r">2023-11-09 00:00:00</subfield>
    <subfield code="w">2023-11-09</subfield>
    <subfield code="y">BK</subfield>
  </datafield>
</record>
